Philosophy : history and problems (Record no. 43)
[ view plain ]
| 000 -LEADER | |
|---|---|
| fixed length control field | 01413nam a22002057a 4500 |
| 008 - FIXED-LENGTH DATA ELEMENTS--GENERAL INFORMATION | |
| fixed length control field | 110830t xxu||||| |||| 00| 0 eng d |
| 020 ## - INTERNATIONAL STANDARD BOOK NUMBER | |
| International Standard Book Number | 0072406356 9780072406351 |
| 050 ## - LIBRARY OF CONGRESS CALL NUMBER | |
| Classification number | B72 .S788 |
| 100 ## - MAIN ENTRY--PERSONAL NAME | |
| Personal name | Stumpf, Samuel Enoch |
| Fuller form of name | Samuel Enoch Stumpf |
| 245 ## - TITLE STATEMENT | |
| Title | Philosophy : history and problems |
| Statement of responsibility, etc. | Samuel Enoch Stumpf, James Fieser |
| 250 ## - EDITION STATEMENT | |
| Edition statement | 6th ed |
| 260 ## - PUBLICATION, DISTRIBUTION, ETC. | |
| Place of publication, distribution, etc. | Boston |
| Name of publisher, distributor, etc. | McGraw-Hill |
| Date of publication, distribution, etc. | ©2003 |
| 300 ## - PHYSICAL DESCRIPTION | |
| Extent | xxv, 398 p. |
| Other physical details | ill., map |
| Dimensions | 24 cm. |
| 500 ## - GENERAL NOTE | |
| General note | Includes bibliographical references and index |
| 505 ## - FORMATTED CONTENTS NOTE | |
| Formatted contents note | Contents: Socrates to Sartre and beyond : a history of philosophy -- Part I. Ancient Greek philosophy -- The Sophists and Socrates -- Plato -- Aristotel -- Part II. Hellenistic and medieval philosophy -- Classical philosophy after Aristotel -- Augustine -- Philosophy in the early middle ages -- Aquinas and his late medieval successors -- Part III. Early modern philosophy -- Philosophy during the renaissance -- Rationalism on the continent -- Empiricism in Britain -- Part IV. Late modern and 19th century philosophy -- Kant -- German idealism -- Utilitarianism and positivism -- Kierkegaard,Marx, and Nietzsche -- Part V. 20th Century and contemporary philosophy -- Pragmatism and process philosophy -- Analytic philosophy -- Phenomenology and existentialism -- Recent philosophy |
| 650 ## - SUBJECT ADDED ENTRY--TOPICAL TERM | |
| Topical term or geographic name entry element | Philosophy -- History |
| 650 ## - SUBJECT ADDED ENTRY--TOPICAL TERM | |
| Topical term or geographic name entry element | Philosophy |
| 700 ## - ADDED ENTRY--PERSONAL NAME | |
| Personal name | Fieser, James |
| 942 ## - ADDED ENTRY ELEMENTS (KOHA) | |
| Source of classification or shelving scheme | Library of Congress Classification |
| Koha item type | Books |
| Withdrawn status | Lost status | Source of classification or shelving scheme | Damaged status | Not for loan | Home library | Current library | Shelving location | Date acquired | Total Checkouts | Full call number | Barcode | Date last seen | Copy number | Price effective from | Koha item type |
|---|---|---|---|---|---|---|---|---|---|---|---|---|---|---|---|
| Library of Congress Classification | WISCONSIN INTERNATIONAL UNIVERSITY COLLEGE, GHANA - MAIN LIBRARY | WISCONSIN INTERNATIONAL UNIVERSITY COLLEGE, GHANA - MAIN LIBRARY | General Stacks | 30/08/2011 | B72 .S788 | 108/11 | 30/08/2011 | 1 | 30/08/2011 | Books | |||||
| Library of Congress Classification | WISCONSIN INTERNATIONAL UNIVERSITY COLLEGE, GHANA - MAIN LIBRARY | WISCONSIN INTERNATIONAL UNIVERSITY COLLEGE, GHANA - MAIN LIBRARY | General Stacks | 30/08/2011 | B72 .S7881 | 109/11 | 30/08/2011 | 2 | 30/08/2011 | Books | |||||
| Library of Congress Classification | WISCONSIN INTERNATIONAL UNIVERSITY COLLEGE, GHANA - MAIN LIBRARY | WISCONSIN INTERNATIONAL UNIVERSITY COLLEGE, GHANA - MAIN LIBRARY | General Stacks | 30/08/2011 | B72 .S7882 | 110/11 | 30/08/2011 | 3 | 30/08/2011 | Books | |||||
| Library of Congress Classification | WISCONSIN INTERNATIONAL UNIVERSITY COLLEGE, GHANA - MAIN LIBRARY | WISCONSIN INTERNATIONAL UNIVERSITY COLLEGE, GHANA - MAIN LIBRARY | General Stacks | 30/08/2011 | B72 .S7883 | 111/11 | 30/08/2011 | 4 | 30/08/2011 | Books |
